000 00864nam a2200265 a 4500
001 BRCA_4175
005 20190320204555.0
008 220410s1947----fr-a######---#000-0#fre-#
041 _afre
044 _afr
050 4 _aNK4215
_b.D45 1947
100 1 _aDelenne, Rene Louis
_910780
245 1 0 _aDictionnaire des Marques de l´Ancienne Faience de Delft
_cRene Louis Delenne.
260 _aParís
_bRichard-Masse
_c1947
300 _a308 p.
_bil.
_c19 cm.
500 _aIncluye tabla en orden alfabético de los nombres propios e índice analítico y de fabricantes
500 _aDiccionario inventariado por Banco de México como libro
500 _aA114
650 1 4 _aDelft, Porcelana de
_910781
650 1 4 _aMarcas de cerámica
_97225
650 1 4 _aEnciclopedias y diccionarios
_99441
650 1 4 _aPorcelana
_91509
902 _aGFM
942 _2lcc
_cB
999 _c3891
_d3891